000 00270nam a2200121 a 4500
008 100922s1967|||| d
245 1 0 _aSklamané oči
100 1 _aFrolov, Vadim
260 _bSmena
_aBratislava
_c1967
020 _c9
044 _axo
_cSK
041 _aslo
999 _c10599
_d10599